Milk and beef production in the tropics /

Bibliographic Details
Main Author: Barrett, M. A.
Other Authors: Larkin, Patrick John
Format: Book
Language:English
Published: [London] : Oxford Univesity Press, 1974.
Subjects:

MARC

Tag First Indicator Second Indicator Subfields
LEADER 00000cam a2200000 4500
001 in00000462821
005 20151012162937.0
008 750317s1974 enka 00100 eng u
020 |z 0198594402. 
020 |a 0198594453 (pbk.) 
035 |a (OCoLC)01219361 
035 |9 ABZ5910AM 
040 |c AGL  |d TXA  |d UtOrBLW 
043 |a w------ 
049 |a TXAM  |c [928680] 
090 |a SF196.T73  |b .B37 1974 
100 1 |a Barrett, M. A. 
245 1 0 |a Milk and beef production in the tropics /  |c [by] M. A. Barrett and P. J. Larkin. 
264 1 |a [London] :  |b Oxford Univesity Press,  |c 1974. 
300 |a 245 pages :  |b illustrations ;  |c 21 cm. 
336 |a text  |b txt  |2 rdacontent 
337 |a unmediated  |b n  |2 rdamedia 
338 |a volume  |b nc  |2 rdacarrier 
650 0 |a Cattle  |z Tropics. 
700 1 |a Larkin, Patrick John. 
999 |a MARS 
999 f f |s d3fb66b7-6d61-3a83-a58c-520270d3757d  |i 4b007345-2c06-3a6b-b94f-e343ac2e1802  |t 0 
952 f f |p ric  |a Texas A&M University  |b Rellis Campus  |c Joint Library Facility  |d Remote Storage  |t 0  |e SF196.T73 .B37 1974  |h Library of Congress classification  |i unmediated -- volume  |m A14805192168 
998 f f |a SF196.T73 .B37 1974  |t 0  |l Remote Storage